000 00922cam a2200265 a 4500
001 3246
005 20240221154543.0
020 _a078073005994
040 _aDLC
_cDLC
_dDLC
_beng
050 0 0 _aPZ7.S52865
082 0 0 _a543
100 1 _aShannon, David
_d1959-
245 1 4 _aThe amazing Christmas extravaganza /
_cby Shannon, David
250 _aFirst Bookshelf edition, October 2004
260 _aNew York :
_bScholastic ,
_c1995
300 _a32 unnumbered pages :
_bcolor illustration ;
_c26 cm .
505 _aR
520 _aMuch to the dismay of his neighbors and family, Mr. Merriweather's Christmas display grows from a simple string of white lights into an outrageous spectacle.
521 _a700
_bLexile
521 _aR
_bRaz-Plus
650 1 _aChristmas decorations
_xFiction
650 1 _aChristmas
_xFiction
906 _a7
_bcbc
_corignew
_d1
_eocip
_f19
_gy-gencatlg
942 _2ddc
_cBK
_n0
999 _c3246
_d3246